| 000 | 00571nam a22001937a 4500 | ||
|---|---|---|---|
| 999 |
_c526911 _d526911 |
||
| 003 | NUST | ||
| 005 | 20190717103513.0 | ||
| 008 | 190717b ||||| |||| 00| 0 eng d | ||
| 038 | _aMr. Noman Tariq | ||
| 082 | _a658 | ||
| 100 |
_aAkhtar, Ayesha _917914 |
||
| 245 |
_aTHE HR-LINE RELATIONSHIP AND THE DEVOLUTION OF HR ACTIVITIES TO LINE MANAGERS IN ZONG / _cAyesha Akhtar. |
||
| 260 |
_aISLAMABAD: _bNBS - NUST, _c2013. |
||
| 300 |
_a79p.: ill.; _c30cm. |
||
| 500 | _aHardcover. | ||
| 650 | _2MBA Thesis. | ||
| 700 |
_aMr. Naukhez Sarwar. _917915 |
||
| 942 |
_2ddc _cTHE |
||